[Event "Groupe Commerce"]
[Site "Thetford Mines CAN"]
[Date "1994.07.02"]
[Round "3"]
[White "Ghannoum, Marc"]
[Black "Lesiege, Alexandre"]
[Result "1/2-1/2"]
[WhiteElo "2220"]
[BlackElo "2495"]
[WhiteFideId "-1"]
[WhiteFideId "-1"]
[PlyCount "96"]
[GameId "2160767912210767"]
[EventDate "1994.07.01"]
[EventType "swiss"]
[EventRounds "5"]
[EventCountry "CAN"]
[SourceTitle "Echec+ 1994.09"]

1. e4 c5 2. f4 d5 3. Nc3 dxe4 4. Nxe4 e6 5. Nf3 Nc6 6. b3 Be7 7. Bb2 Nf6 8. Nf2 O-O 9. g3 b6 10. Bg2 Bb7 11. O-O Qc7 12. Nd3 Rad8 13. Qe2 Nd5 14. Rae1 Bf6 15. Nde5 Bxe5 16. fxe5 Nce7 17. Ng5 Nf5 18. Qh5 h6 19. g4 Nd4 20. Ne4 Nxc2 21. g5 Nxe1 22. gxh6 g6 23. Qg5 Qe7 24. Nf6+ Kh8 25. Rxe1 Ba8 26. h4 Nb4 27. Bc3 Bxg2 28. Kxg2 Nd5 29. h5 Nxf6 30. exf6 Qb7+ 31. Kf2 Rd5 32. Be5 Kh7 33. Rg1 Rg8 34. Qf4 Qd7 35. d4 cxd4 36. hxg6+ fxg6 37. f7 Rf8 38. Rxg6 Rxf7 39. Rg7+ Rxg7 40. hxg7 Rxe5 41. Qxe5 Qxg7 42. Qxe6 Qf8+ 43. Ke2 Qf4 44. Qh3+ Kg7 45. Kd3 Kf6 46. Qh8+ Ke6 47. Qxd4 Qf1+ 48. Kc2 Qe2+ 1/2-1/2

[Event "Groupe Commerce"]
[Site "Thetford Mines CAN"]
[Date "1994.07.03"]
[Round "5"]
[White "O'Donnell, Tom"]
[Black "Lesiege, Alexandre"]
[Result "1/2-1/2"]
[WhiteElo "2333"]
[BlackElo "2495"]
[WhiteFideId "-1"]
[WhiteFideId "-1"]
[PlyCount "54"]
[GameId "2160767912210779"]
[EventDate "1994.07.01"]
[EventType "swiss"]
[EventRounds "5"]
[EventCountry "CAN"]
[SourceTitle "Echec+ 1994.09"]

1. e4 c5 2. c3 Nf6 3. e5 Nd5 4. d4 cxd4 5. Nf3 e6 6. cxd4 b6 7. Nc3 Nxc3 8. bxc3 Qc7 9. Be2 Qxc3+ 10. Bd2 Qa3 11. O-O Ba6 12. Ng5 Be7 13. Rc1 Bxg5 14. Bxg5 O-O 15. Re1 Bxe2 16. Rxe2 Nc6 17. Re3 Qb2 18. Rec3 Rac8 19. R1c2 Qb4 20. h3 Qb5 21. Qg4 Kh8 22. Qf4 Rg8 23. Qxf7 Qd5 24. Bf6 gxf6 25. Qxf6+ Rg7 26. Rg3 Rcg8 27. Rxg7 Rxg7 1/2-1/2

[Event "Quebec-ch"]
[Site "Montreal CAN"]
[Date "1994.05.30"]
[Round "1"]
[White "Lesiege, Alexandre"]
[Black "Barbeau, Sylvain"]
[Result "1/2-1/2"]
[WhiteElo "2460"]
[BlackElo "2380"]
[WhiteFideId "-1"]
[WhiteFideId "-1"]
[PlyCount "109"]
[GameId "2160767912210808"]
[EventDate "1994.05.30"]
[EventType "tourn"]
[EventRounds "9"]
[EventCountry "CAN"]
[SourceTitle "EXT 94ch"]

1. d4 d5 2. c4 e6 3. Nc3 c5 4. cxd5 exd5 5. Nf3 Nc6 6. g3 Nf6 7. Bg2 Be7 8. O-O O-O 9. Bg5 c4 10. Ne5 Be6 11. Bxf6 Bxf6 12. f4 Qb6 13. e3 Bxe5 14. fxe5 Qxb2 15. Nxd5 Rad8 16. Nc7 Bc8 17. Qc1 Qb6 18. Nd5 Qb5 19. a4 Qa6 20. a5 Rd7 21. Qa3 Rfd8 22. Qc5 c3 23. Nxc3 Qd3 24. Rae1 Qa6 25. Bxc6 bxc6 26. Ne4 Rd5 27. Qe7 R5d7 28. Qg5 h6 29. Nf6+ Kh8 30. Qh4 Rb7 31. Ne4 Qxa5 32. Ra1 Qc7 33. Rf6 Kh7 34. Raf1 Qe7 35. Ng5+ Kg8 36. Rxh6 gxh6 37. Qxh6 f5 38. exf6 Qxe3+ 39. Rf2 Qxd4 40. Qg6+ Kh8 41. Qh6+ Kg8 42. Qg6+ Kh8 43. Qh5+ Kg8 44. f7+ Kf8 45. Qh6+ Ke7 46. f8=Q+ Rxf8 47. Qxf8+ Kd7 48. Nf3 Qe3 49. Kg2 Kc7 50. Rd2 Rb3 51. h4 Be6 52. Qd6+ Kb7 53. Qe7+ Kb6 54. Qd8+ Kb7 55. Qe7+ 1/2-1/2

[Event "Quebec-ch"]
[Site "Montreal CAN"]
[Date "1994.05.31"]
[Round "2"]
[White "Lesiege, Alexandre"]
[Black "Beregovoy, Alexander"]
[Result "1-0"]
[WhiteElo "2460"]
[BlackElo "2305"]
[WhiteFideId "-1"]
[WhiteFideId "-1"]
[PlyCount "119"]
[GameId "2160767912210813"]
[EventDate "1994.05.30"]
[EventType "tourn"]
[EventRounds "9"]
[EventCountry "CAN"]
[SourceTitle "EXT 94ch"]

1. e4 e5 2. Nf3 Nc6 3. Bc4 Be7 4. d4 d6 5. h3 Nf6 6. Nc3 O-O 7. O-O exd4 8. Nxd4 Ne5 9. Be2 c5 10. Nf3 b6 11. Bf4 Bb7 12. Nd2 a6 13. a4 Re8 14. Bxe5 dxe5 15. Bc4 Bf8 16. Qe2 Qc7 17. Rfd1 h6 18. Nf1 Red8 19. Rxd8 Qxd8 20. Rd1 Qc7 21. Qd3 Be7 22. Ne3 Rd8 23. Ned5 Nxd5 24. Bxd5 c4 25. Qe2 Bc5 26. Bxc4 Rxd1+ 27. Nxd1 a5 28. Qd3 Bd4 29. c3 Bc5 30. Kf1 Bc6 31. b3 Qe7 32. Bd5 Be8 33. Qd2 Qd6 34. Nb2 Qe7 35. Nd3 Bd6 36. Nb2 Bc5 37. Nd3 Bd6 38. Qe3 Qc7 39. Bc4 Kf8 40. Nb2 Bc5 41. Qd2 Qe7 42. Bb5 Kg8 43. Bxe8 Qxe8 44. Qd5 Qe7 45. Nd3 Bd6 46. Qc6 Qd8 47. Ke2 Bc7 48. Nb2 Bd6 49. Nc4 Bc7 50. Ne3 Bd6 51. Nd5 Bc5 52. b4 axb4 53. cxb4 Bd4 54. Qc8 Qxc8 55. Ne7+ Kf8 56. Nxc8 Ke8 57. Nd6+ Kd7 58. Nb5 Ba1 59. Kd2 f5 60. f3 1-0

[Event "Quebec-ch"]
[Site "Montreal CAN"]
[Date "1994.06.01"]
[Round "3"]
[White "Grondin, Jean-Philippe"]
[Black "Lesiege, Alexandre"]
[Result "0-1"]
[WhiteElo "2120"]
[BlackElo "2460"]
[WhiteFideId "-1"]
[WhiteFideId "-1"]
[PlyCount "70"]
[GameId "2160767912210817"]
[EventDate "1994.05.30"]
[EventType "tourn"]
[EventRounds "9"]
[EventCountry "CAN"]
[SourceTitle "EXT 94ch"]

1. e4 c5 2. Nf3 d6 3. d4 cxd4 4. Nxd4 Nf6 5. Nc3 a6 6. Bc4 e6 7. Qe2 b5 8. Bb3 Bb7 9. a3 Nbd7 10. Bg5 h6 11. Bh4 Rc8 12. O-O Qb6 13. Rad1 Be7 14. Ba2 b4 15. axb4 Qxb4 16. Bb3 Nc5 17. f3 O-O 18. Bf2 a5 19. Qd2 Rfe8 20. Ra1 Bf8 21. Be3 Rb8 22. Rfe1 e5 23. Nf5 Nxb3 24. cxb3 Bc8 25. Ng3 Be6 26. Ra3 Bxb3 27. Rea1 Ra8 28. Nge2 Reb8 29. Nc1 Be6 30. Nd3 Qb7 31. Rxa5 Rxa5 32. Rxa5 Bc4 33. Ra7 Qc6 34. Na4 Bb5 35. Qb4 Qc2 0-1

[Event "Quebec-ch"]
[Site "Montreal CAN"]
[Date "1994.06.02"]
[Round "4"]
[White "Lesiege, Alexandre"]
[Black "Moisan-Plante, Marc-Olivier"]
[Result "1-0"]
[WhiteElo "2460"]
[BlackElo "2035"]
[WhiteFideId "-1"]
[WhiteFideId "-1"]
[PlyCount "107"]
[GameId "2160767912210824"]
[EventDate "1994.05.30"]
[EventType "tourn"]
[EventRounds "9"]
[EventCountry "CAN"]
[SourceTitle "EXT 94ch"]

1. d4 d5 2. c4 c6 3. Nf3 Nf6 4. Nc3 e6 5. Bg5 dxc4 6. e4 b5 7. e5 h6 8. Bh4 g5 9. Nxg5 hxg5 10. Bxg5 Be7 11. exf6 Bxf6 12. Be3 Na6 13. a4 Nb4 14. axb5 Bxd4 15. Bxd4 Qxd4 16. Qxd4 Nc2+ 17. Kd1 Nxd4 18. bxc6 Nxc6 19. Bxc4 Bb7 20. Ba6 Rd8+ 21. Kc1 Ba8 22. Bb5 Kf8 23. f3 Nd4 24. Rxa7 Nxb5 25. Nxb5 Rg8 26. Rd1 Bd5 27. g3 Rc8+ 28. Rc7 Kg7 29. Rd3 Ra8 30. Nc3 Ra1+ 31. Kc2 Rh1 32. Nxd5 Rxh2+ 33. Kc3 exd5 34. Rxd5 Re8 35. Rf5 Re3+ 36. Kd4 Rb3 37. Rfxf7+ Kg6 38. Rb7 Rd2+ 39. Ke4 Rbd3 40. Rfe7 Rd4+ 41. Ke3 Kf5 42. Rb5+ Kf6 43. Re4 R4d3+ 44. Kf4 Rf2 45. Rb6+ Kf7 46. Re3 Rd4+ 47. Ke5 Rfd2 48. Kf5 Rd5+ 49. Re5 R5d3 50. Rb7+ Kf8 51. Kf4 Rf2 52. Re3 Rd4+ 53. Ke5 Rfd2 54. g4 1-0

[Event "Quebec-ch"]
[Site "Montreal CAN"]
[Date "1994.06.03"]
[Round "5"]
[White "Levtchouk, George"]
[Black "Lesiege, Alexandre"]
[Result "0-1"]
[WhiteElo "2300"]
[BlackElo "2460"]
[WhiteFideId "-1"]
[WhiteFideId "-1"]
[PlyCount "76"]
[GameId "2160767912210828"]
[EventDate "1994.05.30"]
[EventType "tourn"]
[EventRounds "9"]
[EventCountry "CAN"]
[SourceTitle "EXT 94ch"]

1. d4 d5 2. c4 e6 3. Nc3 c6 4. cxd5 exd5 5. Bf4 Bd6 6. Bxd6 Qxd6 7. e3 Bf5 8. Nge2 Nd7 9. Ng3 Bg6 10. h4 h6 11. h5 Bh7 12. Bd3 Bxd3 13. Qxd3 Ne7 14. O-O-O O-O 15. Kb1 b5 16. Rc1 Nb6 17. Nce2 a5 18. f3 Nc4 19. e4 f6 20. Rhe1 a4 21. Nf1 dxe4 22. fxe4 f5 23. Neg3 Qb4 24. Qc3 Qxc3 25. Rxc3 fxe4 26. Rxe4 Nd5 27. Rc2 Ra7 28. Nh2 Raf7 29. Re6 Rf2 30. Ng4 Rxc2 31. Kxc2 Nb4+ 32. Kb1 Rf4 33. Rg6 Rxd4 34. Kc1 Nxa2+ 35. Kb1 Nb4 36. Kc1 Rd2 37. Nxh6+ Kf8 38. Nhf5 Na2+ 0-1

[Event "Quebec-ch"]
[Site "Montreal CAN"]
[Date "1994.06.06"]
[Round "6"]
[White "Lesiege, Alexandre"]
[Black "Leveille, Francois"]
[Result "1/2-1/2"]
[WhiteElo "2460"]
[BlackElo "2330"]
[WhiteFideId "-1"]
[WhiteFideId "-1"]
[PlyCount "83"]
[GameId "2160767912210834"]
[EventDate "1994.05.30"]
[EventType "tourn"]
[EventRounds "9"]
[EventCountry "CAN"]
[SourceTitle "EXT 94ch"]

1. d4 d5 2. c4 e6 3. Nc3 Be7 4. Nf3 Nf6 5. Bg5 O-O 6. e3 Nbd7 7. Rc1 c6 8. Bd3 dxc4 9. Bxc4 Nd5 10. Bxe7 Qxe7 11. Ne4 Qb4+ 12. Qd2 Qxd2+ 13. Kxd2 N5f6 14. Ng3 Rd8 15. Rhd1 Nc5 16. Ne5 Ncd7 17. f4 Nxe5 18. fxe5 Ng4 19. Bd3 f6 20. exf6 Nxf6 21. Rc5 Rd5 22. Rdc1 Bd7 23. Ne2 Rf8 24. e4 Rxc5 25. Rxc5 Ng4 26. h3 Nh2 27. Rc1 Nf1+ 28. Kc3 Rf2 29. g4 g5 30. Ng1 Ne3 31. Re1 Ng2 32. Rf1 Rxf1 33. Bxf1 Nf4 34. Nf3 h6 35. Ne5 Be8 36. Kd2 Kf8 37. Ke3 Ke7 38. h4 Ng6 39. hxg5 Nxe5 40. dxe5 hxg5 41. Kd4 Kd8 42. b4 1/2-1/2

[Event "Quebec-ch"]
[Site "Montreal CAN"]
[Date "1994.06.07"]
[Round "7"]
[White "O'Donnell, Tom"]
[Black "Lesiege, Alexandre"]
[Result "0-1"]
[WhiteElo "2385"]
[BlackElo "2460"]
[WhiteFideId "-1"]
[WhiteFideId "-1"]
[PlyCount "70"]
[GameId "2160767912210840"]
[EventDate "1994.05.30"]
[EventType "tourn"]
[EventRounds "9"]
[EventCountry "CAN"]
[SourceTitle "EXT 94ch"]

1. e4 c5 2. Nf3 d6 3. d4 cxd4 4. Nxd4 Nf6 5. Nc3 a6 6. Be3 e6 7. f3 Nc6 8. Qd2 Be7 9. O-O-O O-O 10. g4 Nd7 11. h4 Nde5 12. Qg2 Qc7 13. f4 Nxd4 14. Rxd4 Nc6 15. Rd2 b5 16. g5 b4 17. Ne2 a5 18. h5 a4 19. g6 Bf6 20. Ng3 b3 21. a3 Nb4 22. c4 Nc2 23. Bg1 e5 24. Nf5 Bxf5 25. exf5 h6 26. Bd3 exf4 27. Bxc2 Qxc4 28. gxf7+ Kh8 29. Bd4 Bxd4 30. Qe4 Rac8 31. f6 Bxb2+ 32. Kxb2 Qc3+ 33. Kb1 bxc2+ 34. Rxc2 Rb8+ 35. Kc1 Qxf6 0-1

[Event "Quebec-ch"]
[Site "Montreal CAN"]
[Date "1994.06.08"]
[Round "8"]
[White "Lesiege, Alexandre"]
[Black "Koliada, Timour"]
[Result "1-0"]
[WhiteElo "2460"]
[BlackElo "2355"]
[WhiteFideId "-1"]
[WhiteFideId "-1"]
[PlyCount "91"]
[GameId "2160767912210844"]
[EventDate "1994.05.30"]
[EventType "tourn"]
[EventRounds "9"]
[EventCountry "CAN"]
[SourceTitle "EXT 94ch"]

1. d4 Nf6 2. c4 g6 3. Nc3 Bg7 4. e4 d6 5. Nf3 O-O 6. Be2 e5 7. O-O Nc6 8. d5 Ne7 9. Ne1 Nd7 10. Nd3 f5 11. Bd2 Nf6 12. f3 c6 13. Kh1 c5 14. Rb1 f4 15. b4 cxb4 16. Rxb4 b6 17. a4 a5 18. Rb2 Bd7 19. g4 g5 20. Qb3 Nc8 21. c5 bxc5 22. Qb7 Ra7 23. Qb8 Rf7 24. Nb5 Bxb5 25. Qxb5 Ne8 26. Nf2 Bf6 27. Rfb1 Nc7 28. Qb3 Kg7 29. Qc3 Qd7 30. Rb8 Bd8 31. Kg2 Na6 32. Bb5 Qc7 33. Bxa6 Rxa6 34. Qc4 Rb6 35. R8xb6 Nxb6 36. Qb5 Nc8 37. Nd3 Qd7 38. Qxd7 Rxd7 39. Rb8 c4 40. Nxe5 dxe5 41. Rxc8 Rb7 42. Bc3 Bb6 43. Bxe5+ Kg6 44. Rxc4 Kf7 45. Rc8 Ke7 46. Rh8 1-0

[Event "Quebec-ch"]
[Site "Montreal CAN"]
[Date "1994.06.10"]
[Round "9"]
[White "Schleifer, Michael"]
[Black "Lesiege, Alexandre"]
[Result "0-1"]
[WhiteElo "2325"]
[BlackElo "2460"]
[WhiteFideId "-1"]
[WhiteFideId "-1"]
[PlyCount "58"]
[GameId "2160767912210850"]
[EventDate "1994.05.30"]
[EventType "tourn"]
[EventRounds "9"]
[EventCountry "CAN"]
[SourceTitle "EXT 94ch"]

1. e4 c5 2. c3 Nf6 3. e5 Nd5 4. d4 cxd4 5. cxd4 e6 6. a3 b6 7. Nc3 Nxc3 8. bxc3 Qc7 9. Bd2 Bb7 10. Nf3 d6 11. exd6 Bxd6 12. Bd3 Nd7 13. h4 Nf6 14. Qe2 O-O 15. Kf1 Bxf3 16. Qxf3 e5 17. g4 Rae8 18. Bb5 e4 19. Qf5 Re6 20. h5 e3 21. Bxe3 Ne4 22. h6 Ng3+ 23. fxg3 Rf6 24. hxg7 Rxf5+ 25. gxf5 Rc8 26. Rh6 Bxg3 27. f6 Qb7 28. Ke2 Qg2+ 29. Kd3 Qb2 0-1

[Event "Grand Prix"]
[Site "Montreal CAN"]
[Date "1994.05.22"]
[Round "4"]
[White "Johnstone, Glenn"]
[Black "Lesiege, Alexandre"]
[Result "0-1"]
[WhiteElo "2343"]
[BlackElo "2462"]
[WhiteFideId "-1"]
[WhiteFideId "-1"]
[PlyCount "70"]
[GameId "2160767912210869"]
[EventDate "1994.05.20"]
[EventType "swiss"]
[EventRounds "5"]
[EventCountry "CAN"]
[SourceTitle "Echec+ 1994.09"]

1. e4 g6 2. d4 Bg7 3. Nf3 d6 4. Nc3 a6 5. Be3 b5 6. a4 b4 7. Ne2 Bb7 8. Ng3 Nd7 9. Bc4 e6 10. Qe2 Ngf6 11. Bg5 h6 12. Bd2 a5 13. O-O O-O 14. Bd3 c5 15. c3 cxd4 16. cxd4 Qe7 17. h3 e5 18. d5 Nc5 19. Bc4 Nfd7 20. Ne1 Nb6 21. Bb5 Nb3 22. Rd1 Nd4 23. Qd3 f5 24. f3 Nxa4 25. Bxa4 Ba6 26. Qb1 Qh4 27. Nc2 Qxg3 28. Nxd4 Bxf1 29. Rxf1 exd4 30. Bd7 d3 31. exf5 gxf5 32. Qxd3 Qe5 33. Be3 a4 34. Rf2 a3 35. bxa3 Rxa3 0-1

[Event "Grand Prix"]
[Site "Montreal CAN"]
[Date "1994.05.22"]
[Round "5"]
[White "Lesiege, Alexandre"]
[Black "Hergott, Deen"]
[Result "0-1"]
[WhiteElo "2462"]
[BlackElo "2376"]
[WhiteFideId "-1"]
[WhiteFideId "-1"]
[PlyCount "92"]
[GameId "2160767912210873"]
[EventDate "1994.05.20"]
[EventType "swiss"]
[EventRounds "5"]
[EventCountry "CAN"]
[SourceTitle "Echec+ 1994.09"]

1. c4 b6 2. Nc3 Bb7 3. e4 e6 4. Nge2 Nf6 5. e5 Ng4 6. d4 c5 7. Ng3 cxd4 8. Qxd4 h5 9. Nxh5 Qh4 10. Be2 Bxg2 11. Qxg4 Qxg4 12. Bxg4 Bxh1 13. f3 Nc6 14. Bf4 Nd4 15. Kf2 Bxf3 16. Bxf3 Nxf3 17. Nxg7+ Bxg7 18. Kxf3 O-O-O 19. Ne4 Rh3+ 20. Kg4 Rdh8 21. Nd6+ Kb8 22. Bg3 Rxg3+ 23. hxg3 Bxe5 24. Nxf7 Rg8+ 25. Kh5 Bxg3 26. Rg1 Rf8 27. Kg6 Rg8+ 28. Kh7 Rg4 29. Nh6 Rg5 30. Nf7 Rf5 31. Kg7 Be5+ 32. Nxe5 Rxe5 33. Rd1 Kc7 34. Kf6 Re2 35. b4 Kd8 36. a4 Re4 37. c5 bxc5 38. bxc5 Rc4 39. Rd6 a5 40. Ra6 Rxc5 41. Ra8+ Kc7 42. Ke7 Rd5 43. Rh8 e5 44. Rh2 Rd6 45. Rh5 Re6+ 46. Kf7 e4 0-1

[Event "Quebec-ch intercoll."]
[Site "Longueuil CAN"]
[Date "1994.04.01"]
[Round "1"]
[White "Bannon, Eric"]
[Black "Lesiege, Alexandre"]
[Result "0-1"]
[WhiteElo "1643"]
[BlackElo "2478"]
[WhiteFideId "-1"]
[WhiteFideId "-1"]
[PlyCount "98"]
[GameId "2160767912219188"]
[EventDate "1994.04.01"]
[EventType "swiss"]
[EventRounds "6"]
[EventCountry "CAN"]
[SourceTitle "Echec+ 1994.07"]

1. e4 c5 2. Nf3 d6 3. d4 cxd4 4. Nxd4 Nf6 5. Nc3 a6 6. Bg5 e6 7. f4 Be7 8. Qf3 Nbd7 9. O-O-O Qc7 10. g4 h5 11. Bxf6 Nxf6 12. g5 Nd7 13. f5 Nc5 14. f6 gxf6 15. gxf6 Bf8 16. Bh3 Bd7 17. Rhe1 b5 18. Kb1 O-O-O 19. a3 Kb8 20. Bg2 Bc8 21. e5 d5 22. Na2 Bb7 23. Nb4 Qb6 24. Qf2 Rc8 25. Nb3 Qc7 26. Nxc5 Bxc5 27. Qe2 h4 28. Rf1 h3 29. Bh1 Rh4 30. Nd3 Bb6 31. Nf4 Qc4 32. Qxc4 bxc4 33. c3 Rg8 34. Kc2 Be3 35. Ne2 Rh5 36. Rf3 d4 37. Nxd4 Bxd4 38. cxd4 Bxf3 39. Bxf3 Rf5 40. Bc6 Kc7 41. Be4 Rf4 42. Bh1 Rf2+ 43. Rd2 Rgg2 44. Rxf2 Rxf2+ 45. Kc3 Rxh2 46. Ba8 Kd8 47. d5 Re2 48. dxe6 fxe6 49. Kd4 h2 0-1

[Event "Quebec-ch intercoll."]
[Site "Longueuil CAN"]
[Date "1994.04.02"]
[Round "2"]
[White "Lesiege, Alexandre"]
[Black "Vachon, Pierre"]
[Result "1-0"]
[WhiteElo "2478"]
[BlackElo "1711"]
[WhiteFideId "-1"]
[WhiteFideId "-1"]
[PlyCount "49"]
[GameId "2160767912219216"]
[EventDate "1994.04.01"]
[EventType "swiss"]
[EventRounds "6"]
[EventCountry "CAN"]
[SourceTitle "Echec+ 1994.07"]

1. d4 d5 2. c4 e6 3. Nc3 c6 4. e4 dxe4 5. Nxe4 Bb4+ 6. Bd2 Qxd4 7. Bxb4 Qxe4+ 8. Be2 Nd7 9. Nf3 c5 10. Bc3 Ngf6 11. Qd6 Qc6 12. Qg3 O-O 13. O-O-O Ne8 14. Ng5 e5 15. Bd3 f5 16. Bxe5 Nxe5 17. Qxe5 h6 18. Nf3 Nf6 19. Rhe1 Re8 20. Qf4 g5 21. Rxe8+ Qxe8 22. Qd6 Qf8 23. Bc2 Ne4 24. Qg6+ Kh8 25. Ne5 1-0

[Event "Quebec-ch intercoll."]
[Site "Longueuil CAN"]
[Date "1994.04.02"]
[Round "3"]
[White "Lecompte, Andre"]
[Black "Lesiege, Alexandre"]
[Result "0-1"]
[WhiteElo "1780"]
[BlackElo "2478"]
[WhiteFideId "-1"]
[WhiteFideId "-1"]
[PlyCount "110"]
[GameId "2160767912219230"]
[EventDate "1994.04.01"]
[EventType "swiss"]
[EventRounds "6"]
[EventCountry "CAN"]
[SourceTitle "Echec+ 1994.07"]

1. e4 c5 2. Nc3 Nc6 3. g3 g6 4. Bg2 Bg7 5. f4 d6 6. Nf3 e6 7. O-O Nge7 8. d3 O-O 9. Be3 Nd4 10. Qd2 Rb8 11. Nd1 b5 12. c3 Nxf3+ 13. Bxf3 b4 14. d4 bxc3 15. bxc3 Ba6 16. Re1 Qc7 17. Rc1 e5 18. fxe5 dxe5 19. d5 Nc8 20. Qf2 c4 21. Bc5 Re8 22. Bg4 Rb5 23. Bb4 Nd6 24. a4 Rb7 25. Rc2 Bf8 26. Bh3 Rbb8 27. Bg2 Bc8 28. a5 a6 29. Qc5 Qxc5+ 30. Bxc5 Nb7 31. Bb6 Bd7 32. Ne3 Rec8 33. Rb2 Bb5 34. Bh3 Re8 35. Ng4 Bg7 36. Bc7 Nc5 37. Bxb8 Rxb8 38. Rd2 h5 39. Nf2 Bh6 40. Ra2 Ba4 41. Bg2 Bb3 42. Rae2 Na4 43. Nd1 Bxd1 44. Rxd1 Nxc3 45. Rdd2 Rb1+ 46. Kf2 Nxe2 47. Rxe2 c3 48. Bf1 Bd2 49. d6 Kf8 50. Kg2 Rxf1 51. Kxf1 c2 52. Rxd2 c1=Q+ 53. Ke2 Ke8 54. d7+ Kd8 55. Ke3 Qc3+ 0-1

[Event "Quebec-ch intercoll."]
[Site "Longueuil CAN"]
[Date "1994.04.03"]
[Round "4"]
[White "Lesiege, Alexandre"]
[Black "Berson, Jordan"]
[Result "1-0"]
[WhiteElo "2478"]
[BlackElo "1744"]
[WhiteFideId "-1"]
[WhiteFideId "-1"]
[PlyCount "57"]
[GameId "2160767912219251"]
[EventDate "1994.04.01"]
[EventType "swiss"]
[EventRounds "6"]
[EventCountry "CAN"]
[SourceTitle "Echec+ 1994.07"]

1. d4 Nf6 2. c4 e6 3. Nc3 Bb4 4. e3 O-O 5. Bd3 d5 6. Nf3 c5 7. O-O cxd4 8. exd4 dxc4 9. Bxc4 Bxc3 10. bxc3 Qc7 11. Qe2 b6 12. Bd2 Bb7 13. Bd3 Nbd7 14. Rfe1 Rac8 15. c4 Rfd8 16. Bg5 Nf8 17. Rad1 Ng6 18. Ne5 Rd6 19. Qe3 Qe7 20. Bxg6 hxg6 21. Qf4 Qd8 22. Re3 Rc5 23. Rh3 Rxe5 24. Qxe5 Rc6 25. Qf4 e5 26. Qh4 Kf8 27. Qh8+ Ke7 28. Qxd8+ Kxd8 29. dxe5+ 1-0

[Event "Quebec-ch intercoll."]
[Site "Longueuil CAN"]
[Date "1994.04.03"]
[Round "5"]
[White "Moisan-Plante, Marc-Olivier"]
[Black "Lesiege, Alexandre"]
[Result "1/2-1/2"]
[WhiteElo "2130"]
[BlackElo "2491"]
[WhiteFideId "-1"]
[WhiteFideId "-1"]
[PlyCount "28"]
[GameId "2160767912219262"]
[EventDate "1994.04.01"]
[EventType "swiss"]
[EventRounds "6"]
[EventCountry "CAN"]
[SourceTitle "hb 2013"]

1. e4 e5 2. Nc3 Nf6 3. f4 d5 4. fxe5 Nxe4 5. d3 Bb4 6. dxe4 Qh4+ 7. Ke2 Bxc3 8. bxc3 Bg4+ 9. Nf3 dxe4 10. Qd4 Bh5 11. Ke3 Bxf3 12. gxf3 Qe1+ 13. Kf4 Qh4+ 14. Ke3 Qe1+ 1/2-1/2

[Event "Quebec-ch intercoll."]
[Site "Longueuil CAN"]
[Date "1994.04.03"]
[Round "6"]
[White "Lesiege, Alexandre"]
[Black "Tremblay, Rejean"]
[Result "1/2-1/2"]
[WhiteElo "2478"]
[BlackElo "2232"]
[WhiteFideId "-1"]
[WhiteFideId "-1"]
[PlyCount "73"]
[GameId "2160767912219277"]
[EventDate "1994.04.01"]
[EventType "swiss"]
[EventRounds "6"]
[EventCountry "CAN"]
[SourceTitle "EXT 2022"]
[Source "ChessBase"]
[SourceDate "2021.10.06"]
[SourceVersion "1"]
[SourceVersionDate "2021.10.06"]
[SourceQuality "1"]

1. d4 d5 2. c4 c6 3. Nf3 Nf6 4. Nc3 dxc4 5. a4 Bf5 6. Ne5 e6 7. f3 Bb4 8. e4 Bxe4 9. fxe4 Nxe4 10. Bd2 Qxd4 11. Nxe4 Qxe4+ 12. Qe2 Bxd2+ 13. Kxd2 Qd5+ 14. Kc2 Nd7 15. Nxd7 Qf5+ 16. Kc1 Kxd7 17. Qe3 h6 18. Bxc4 Qg5 19. Ra3 Rad8 20. Rf1 Qxe3+ 21. Rxe3 Ke7 22. Kc2 Rd6 23. Rg3 g5 24. Rgf3 f5 25. Re1 Kf6 26. Rfe3 Re8 27. Rh3 Kg7 28. Rd3 Rxd3 29. Kxd3 Kf6 30. Kd4 b6 31. a5 e5+ 32. Kc3 Rd8 33. axb6 axb6 34. Ra1 g4 35. Ra6 Rb8 36. Ra7 h5 37. Rc7 1/2-1/2

[Event "Laval XI"]
[Site "Laval CAN"]
[Date "1994.03.27"]
[Round "5"]
[White "Lesiege, Alexandre"]
[Black "Gravel, Simon M"]
[Result "1/2-1/2"]
[WhiteElo "2478"]
[BlackElo "2233"]
[WhiteFideId "-1"]
[WhiteFideId "-1"]
[PlyCount "82"]
[GameId "2160767912219306"]
[EventDate "1994.03.25"]
[EventType "swiss"]
[EventRounds "5"]
[EventCountry "CAN"]
[SourceTitle "Echec+ 1994.07"]

1. d4 Nf6 2. c4 c5 3. Nf3 cxd4 4. Nxd4 b6 5. Nc3 Bb7 6. f3 g6 7. e4 d6 8. Be3 Bg7 9. Be2 O-O 10. Qd2 Nc6 11. O-O Rc8 12. Rac1 Re8 13. Nxc6 Bxc6 14. Rfd1 Qc7 15. b4 Nd7 16. Nd5 Qb7 17. Bg5 Bxd5 18. cxd5 b5 19. Rxc8 Rxc8 20. Bxe7 Qb6+ 21. Kf1 f6 22. Qf4 Ne5 23. Bxf6 Rf8 24. Bxe5 Rxf4 25. Bxf4 Bb2 26. Rb1 Bd4 27. Rc1 Qa6 28. a4 Qxa4 29. Bxd6 Qa3 30. Rd1 Qe3 31. Rxd4 Qxd4 32. Bc5 Qd2 33. Bxb5 a5 34. d6 axb4 35. d7 b3 36. Bc4+ Kg7 37. Bxb3 Qc1+ 38. Kf2 Qb2+ 39. Kf1 Qc1+ 40. Ke2 Qb2+ 41. Ke1 Qc3+ 1/2-1/2

[Event "Mauricie op"]
[Site "Trois-Rivieres CAN"]
[Date "1994.03.18"]
[Round "1"]
[White "Leriche, Felix"]
[Black "Lesiege, Alexandre"]
[Result "0-1"]
[WhiteElo "2117"]
[BlackElo "2478"]
[WhiteFideId "-1"]
[WhiteFideId "-1"]
[PlyCount "57"]
[GameId "2160767912219315"]
[EventDate "1994.03.17"]
[EventType "swiss"]
[EventRounds "5"]
[EventCountry "CAN"]
[SourceTitle "EXT 2022"]
[Source "ChessBase"]
[SourceDate "2021.10.06"]
[SourceVersion "1"]
[SourceVersionDate "2021.10.06"]
[SourceQuality "1"]

1. d4 Nf6 2. Bg5 Ne4 3. Bf4 c5 4. f3 Qa5+ 5. c3 Nf6 6. dxc5 Qxc5 7. b4 Qb6 8. e4 g6 9. Qd2 Bg7 10. e5 Qe6 11. Ne2 Nd5 12. Nd4 Qb6 13. Na3 Nxf4 14. Qxf4 O-O 15. Nc4 Qc7 16. Nb5 Qd8 17. a4 Nc6 18. Rd1 a6 19. Nba3 Qc7 20. Rd5 e6 21. Rc5 b6 22. Nxb6 Qxb6 23. Nc4 Qb8 24. b5 axb5 25. axb5 Ra1+ 26. Kd2 Qa7 27. Qe3 Qa2+ 28. Kd3 Rd1+ 29. Nd2 0-1

[Event "Mauricie op"]
[Site "Trois-Rivieres CAN"]
[Date "1994.03.19"]
[Round "2"]
[White "Lesiege, Alexandre"]
[Black "Schleifer, Michael"]
[Result "1-0"]
[WhiteElo "2478"]
[BlackElo "2316"]
[WhiteFideId "-1"]
[WhiteFideId "-1"]
[PlyCount "65"]
[GameId "2160767912219322"]
[EventDate "1994.03.17"]
[EventType "swiss"]
[EventRounds "5"]
[EventCountry "CAN"]
[SourceTitle "EXT 2022"]
[Source "ChessBase"]
[SourceDate "2021.10.06"]
[SourceVersion "1"]
[SourceVersionDate "2021.10.06"]
[SourceQuality "1"]

1. d4 Nf6 2. c4 g6 3. Nc3 Bg7 4. e4 d6 5. Nf3 O-O 6. Be2 Nbd7 7. O-O e5 8. Qc2 a5 9. Rd1 exd4 10. Nxd4 Nc5 11. Bg5 h6 12. Bh4 Re8 13. f3 a4 14. Ndb5 Bd7 15. Rab1 b6 16. b4 axb3 17. axb3 Ne6 18. b4 Qc8 19. Rbc1 Kh7 20. Bf1 Kh8 21. Qd2 g5 22. Bf2 g4 23. Nd5 Ng5 24. Nbxc7 gxf3 25. Nxf6 Bxf6 26. Qxd6 Be6 27. Nxe8 Qxe8 28. h4 Nh7 29. Bd4 Qg8 30. Rc3 f2+ 31. Kxf2 Qg7 32. Rg3 Ra2+ 33. Kg1 1-0